LEADER 01148nam a2200265 u 4500 001 000000054506 003 CaOOAMICUS 005 20070226115700.0 008 001215s1969 it u000 u ita u 035 $a10863915 040 $aPUL(R)$bita 041 1 $aita$heng 100 1 $aCaponigri, Robert A.$0(OLS)http://pul/name/38614 240 10$aTime and idea.$lItaliano.$0(OLS)http://pul/title/73071 245 10$aTempo e idea :$bla teoria della storia in Giambattista Vico /$cA. Robert Caponigri ; traduzione di Giacomo Gava. 260 $aBologna :$bPātron,$c1969. 300 $a342 p. ;$c22 cm 500 $aInclude indici. 600 14$aVico, Giambattista,$d1668-1744$xCritica e interpretazione.$0(OLS)http://pul/subject/527 700 1 $aGava Giovanni,$cO.C.$0(OLS)http://pul/name/38615 850 $aPUL 852 $aPUL$W1$xDP1 Fondo Giannini$y60$m1557 C 14$j71788$nBK-PRI$b $qFondi$B71788$CPULBib$Z2$F71788 $H $81 941 1 $a1 996 $6245$aTempo e idea :$bla teoria della storia in Giambattista Vico$9(OLS)http://pul/title/73072 996 $6260$aBologna :$bPātron$9(OLS)http://pul/publisher/48272 LEADER 01241nam a2200265 a 4500 001 000000158705 003 CaOOAMICUS 005 20170209094139.0 008 170209s1939 xx m 001 u fre r 032 $aLibriCat 040 $aPUL$bita 100 1 $aBurque, Maurice.$0(OLS)http://pul/name/101382 245 13$aUn problčme plotinien :$bl'identification de l'âme avec l'Un dans la contemplation /$cpar Maurice Burque, S.M.M. 260 $a[S.l. :$bs.n.],$c1939. 300 $a42 p. ;$c26 cm. 502 $aEstratto da tesi -- Pontificia Universitas Gregoriana. Facultas philosophica. 1939. 504 $aBibliografia in nota. 600 04$aPlotinus,$d203/6-270$xCritica e interpretazione.$0(OLS)http://pul/subject/7821 710 2 $aPontificia Universitā Gregoriana.$bFacoltā di filosofia.$kTesi.$0(OLS)http://pul/name/82053 850 $aPUL 852 $aPUL$W1$xDP1 Tesi Pon. Univ. Gregoriana$y40$mTH PUG 686$j182016$qTesi$B185199$CPULBib$Z2$F185199 $H11839 $82 941 1 $a16 996 $6245$aUn problčme plotinien :$bl'identification de l'âme avec l'Un dans la contemplation$9(OLS)http://pul/title/198318 996 $6260$a[S.l. :$bs.n.]$9(OLS)http://pul/publisher/81594